| 000 | 01964cam a2200241 4500 | ||
|---|---|---|---|
| 001 | J107491 | ||
| 008 | 000000n2000 000 0 eng u | ||
| 035 | _a(Sirsi) u109022 | ||
| 110 |
_aTelevision Education Network _93468 |
||
| 245 | _aChartered Surveyors Channel : construction option 2 - June 2000 | ||
| 260 |
_aLondon _bTEN _c2000 |
||
| 300 | _a1 video cassette (101mins) | ||
| 505 | _a213 News review - (11mins) One of the country's most important Elizabethan buildings is to be converted into flats in an unprecedented deal struck between English Heritage and a property developer. The Millennium bridge is inspired by the scientifc heros of Norman Foster's youth and looks every inch the futuristic structure the architects intended; builders and lift manufacturers are set for an upsurge in business as the Disability Discrimination Act comes into full effect. The future of the Millennium Dome has come down to a battle between business and leisure. The most expensive office block in Britain, Portcullis House, is on course for a July opening. RICS News; the RICS has been accused of insularity in failing to back a single set of standards for valuation around the world; The RICS has issued a mainfesto outlining concerns it would like to see addressed by the new mayor and London assembly. | ||
| 505 | _a214 Project and contract management - (25mins) Coping in an England Industry | ||
| 505 | _a247 Facilities Management - (11mins) Facilities management in practice - case study at West Suffolk | ||
| 505 | _a189 Building regulations and health and safety - (19mins) Roles of the duty holders | ||
| 505 | _a215 Building construction and surveys - (16mins) High voltage overhead transmission lines and public perceptions of risk | ||
| 505 | _a088 Design and new technology - (19mins) Tamar Bridge strenghtening works | ||
| 650 | _aTEN | ||
| 650 | _aVIDEOS | ||
| 690 | _aMANAGEMENT-BUSINESS MANAGEMENT-PROFESSIONAL PRACTICE | ||
| 942 | _n0 | ||
| 999 |
_c100873 _d100873 |
||